| 000 | 00466nam a2200169Ia 4500 | ||
|---|---|---|---|
| 003 | OSt | ||
| 005 | 20201223102854.0 | ||
| 008 | 190216s9999||||xx |||||||||||||| ||und|| | ||
| 040 | _coclc | ||
| 082 |
_a297.1225 _bMAL/H |
||
| 100 |
_aMalik, F _97790 |
||
| 245 | 0 |
_aHoly Quran Sura An Nahal / _cF Malik |
|
| 260 |
_bIslamic Literacy Society, _aCalicut: |
||
| 300 | _a40p | ||
| 650 | _aArabic | ||
| 942 |
_cREF _2ddc _h297.1225 _iMAL/H _k297.1225 _mMAL/H |
||
| 999 |
_c665 _d665 |
||